01020cam a2200253 4500001001300000003000400013005001700017008004100034010001700075040006700092050002300159082001800182100002700200245007600227260008900303300002100392410006600413500009000479650005100569610003700620650005500657610003700712999001700749hew68000103 DLC20260227111517.0690526s1968 dcu 000 0 eng c ahew68000103  aU.S. Dept. of Health, Education and Welfare. LibrarycDLCdDLC00aHV741b.A365 no. 200a362.8/3/097531 aHoward, Marion,d1936-14aThe Webster School;ba District of Columbia program for pregnant girls. aWashington,bU.S. Dept. of Health, Education, and Welfare, Children's Bureau,c1968. av, 93 p.c25 cm.10a[United States]bChildren's Bureau.tResearch reports,vno. 2 a"A study funded through the child welfare research and demonstration grants program." 0aMaternal and infant welfarezWashington (D.C.)20aWebster School, Washington, D.C. 4aMaternal and infant welfarezDistrict of Columbia.24aWebster School, Washington, D.C. c34796d34796